[Event "NK B Jeugd"]
[Site "Chess.com"]
[Date "2020.05.01"]
[Round "2"]
[White "Boghossian, Wahe"]
[Black "Van Dam, Thijs"]
[Result "0-1"]
[WhiteElo "1689"]
[BlackElo "2124"]
[PlyCount "134"]
[EventDate "2020.05.??"]

1. e4 c5 2. Nf3 g6 3. d4 cxd4 4. Nxd4 Bg7 5. c4 Nc6 6. Be3 Nf6 7. Nc3 O-O 8.
Be2 d6 9. O-O Bd7 10. Nxc6 Bxc6 11. f3 a5 12. Qd2 a4 13. Rac1 Nd7 14. Bd4 Nc5
15. Bxg7 Kxg7 16. Nd5 Bxd5 17. cxd5 Kg8 18. Kh1 Qa5 19. Rc3 b5 20. Rfc1 Rfb8
21. Qg5 Rb7 22. e5 Qd8 23. e6 fxe6 24. dxe6 Qf8 25. Qd5 Rab8 26. Bd3 Qf6 27.
Be4 Rb6 28. b3 axb3 29. axb3 b4 30. Re3 Kg7 31. Rce1 Ra6 32. Qc4 Ra2 33. Bd5
Qg5 34. f4 Qf6 35. h3 Rf8 36. Qxb4 Qxf4 37. Qxf4 Rxf4 38. R3e2 Rxe2 39. Rxe2
Nd3 40. Bc4 Ne5 41. Bd5 Rd4 42. Be4 Kf6 43. Rf2+ Kxe6 44. Bf3 Rd3 45. Bb7 Rxb3
46. Bc8+ Kd5 47. Ba6 Ra3 48. Be2 Ke6 49. Kh2 h5 50. Bd1 d5 51. Re2 Kd6 52. Bc2
e6 53. Re1 Rc3 54. Bb1 g5 55. Kg1 g4 56. hxg4 hxg4 57. Kh2 Nc4 58. Bg6 d4 59.
Re4 Kd5 60. Rxg4 Ne5 61. Rf4 Nxg6 62. Rf1 d3 63. Rd1 Ke4 64. Re1+ Kf5 65. Rf1+
Kg5 66. Re1 e5 67. Kg3 d2+ 0-1

[Event "NK B Jeugd"]
[Site "Chess.com"]
[Date "2020.05.01"]
[Round "2"]
[White "Elgersma, Onno"]
[Black "Achuthan, Dylan"]
[Result "1-0"]
[WhiteElo "2301"]
[BlackElo "1933"]
[PlyCount "75"]
[EventDate "2020.05.??"]

1. e4 c5 2. Nf3 Nc6 3. Bb5 e6 4. O-O Nge7 5. c3 a6 6. Ba4 g6 7. d4 cxd4 8. cxd4
d5 9. e5 Nf5 10. Bg5 Be7 11. Bxc6+ bxc6 12. Bxe7 Qxe7 13. Qc1 Bd7 14. Nbd2 O-O
15. Nb3 h5 16. Nc5 Rfb8 17. b3 a5 18. h3 Kg7 19. Qc3 Rb5 20. Rac1 Be8 21. Rfd1
Ra7 22. Qd2 Ra8 23. Qf4 h4 24. Nh2 Bd7 25. Ng4 Bc8 26. Nf6 Ba6 27. Kh2 Rb4 28.
Rd2 Ra7 29. Rc3 Ra8 30. a3 Rb6 31. Rf3 Rab8 32. Rc3 Ra8 33. Qg5 Ra7 34. g4
hxg3+ 35. fxg3 Rb8 36. g4 Nh6 37. Nxa6 Rxa6 38. Nh5+ 1-0

[Event "NK B Jeugd"]
[Site "Chess.com"]
[Date "2020.05.01"]
[Round "2"]
[White "Grooten, Tommy"]
[Black "Torensma, Christian"]
[Result "0-1"]
[WhiteElo "1827"]
[BlackElo "1690"]
[PlyCount "44"]
[EventDate "2020.05.??"]

1. e4 e6 2. d3 d5 3. Nd2 c5 4. g3 Nc6 5. Bg2 Nge7 6. Ngf3 g6 7. O-O Bg7 8. Re1
h6 9. Nf1 b6 10. e5 Qc7 11. Kh1 g5 12. Qe2 Ng6 13. c4 dxc4 14. dxc4 Bb7 15. h4
g4 16. N3h2 h5 17. Qe4 O-O-O 18. Bg5 Rd4 19. Qc2 Ncxe5 20. Ne3 Bxg2+ 21. Kxg2
f6 22. Qxg6 Nxg6 0-1

[Event "NK B Jeugd"]
[Site "Chess.com"]
[Date "2020.05.01"]
[Round "2"]
[White "Han, Yichen"]
[Black "Rutten, Alexander"]
[Result "0-1"]
[WhiteElo "1815"]
[BlackElo "2084"]
[PlyCount "130"]
[EventDate "2020.05.??"]

1. d4 d5 2. Bf4 Nf6 3. e3 c5 4. c3 e6 5. Nd2 Nc6 6. Ngf3 Be7 7. h3 b6 8. Bd3
Bb7 9. Ne5 O-O 10. Qe2 Rc8 11. Rd1 h6 12. Bb1 Nxe5 13. dxe5 Nd7 14. Qd3 f5 15.
g4 c4 16. Qe2 d4 17. f3 d3 18. Qf2 Bh4 19. Bg3 Bxg3 20. Qxg3 Qc7 21. b3 b5 22.
gxf5 Rxf5 23. Rg1 Qxe5 24. Qxe5 Nxe5 25. f4 Nf3+ 26. Nxf3 Bxf3 27. Rd2 Be4 28.
bxc4 bxc4 29. Rb2 Rfc5 30. Kd2 R5c7 31. a3 Rb7 32. Rxb7 Bxb7 33. Ba2 Bd5 34.
Rb1 Kf7 35. Rb4 Kf6 36. e4 Bxe4 37. Bxc4 g5 38. fxg5+ hxg5 39. Bxe6 Kxe6 40.
Rxe4+ Kf5 41. Rd4 Rb8 42. Kxd3 Rh8 43. Rd7 Rxh3+ 44. Kd4 Rh4+ 45. Ke3 Ra4 46.
Rd5+ Kf6 47. Rd6+ Ke5 48. Rg6 Kf5 49. Rc6 Rxa3 50. Rc5+ Kg4 51. Ke4 Ra1 52. Ke5
Kg3 53. Kf6 g4 54. c4 Kf2 55. Rf5+ Kg2 56. c5 Rc1 57. Ke6 g3 58. Kd6 Kh1 59.
Rh5+ Kg1 60. c6 g2 61. c7 Kf2 62. Rc5 Rxc5 63. Kxc5 g1=Q 64. c8=Q Qc1+ 65. Kb5
Qxc8 0-1

[Event "NK B Jeugd"]
[Site "Chess.com"]
[Date "2020.05.01"]
[Round "2"]
[White "Huang, Wendy"]
[Black "Cchung, Nyuk Lyn"]
[Result "1-0"]
[WhiteElo "1920"]
[BlackElo "2038"]
[PlyCount "91"]
[EventDate "2020.05.??"]

1. e4 c5 2. Nf3 d6 3. d4 cxd4 4. Nxd4 Nf6 5. Nc3 a6 6. f4 e5 7. Nf3 Qc7 8. a4
Nc6 9. Bd3 Be7 10. O-O O-O 11. Kh1 Rd8 12. Qe1 Bg4 13. Nh4 h6 14. Qg3 exf4 15.
Bxf4 g5 16. h3 gxh4 17. Qxh4 Bh5 18. Bxh6 Ne5 19. Rxf6 Bg6 20. Nd5 Qd7 21. Nb6
Qc6 22. Nxa8 Rxa8 23. Qf2 Nxd3 24. cxd3 Rc8 25. Kh2 Qc2 26. Rf3 d5 27. exd5
Bd6+ 28. g3 Bxd3 29. Rxf7 Qxf2+ 30. Rxf2 Be4 31. Bf4 Bxf4 32. gxf4 Bxd5 33.
Rg1+ Kf7 34. f5 Rc4 35. Rd1 Bc6 36. b3 Rc3 37. f6 Rxb3 38. Re1 Bxa4 39. Re7+
Kf8 40. Rc7 Bc6 41. f7 Rb1 42. Rc8+ Kg7 43. f8=Q+ Kh7 44. Rf7+ Kg6 45. Qg7+ Kh5
46. Rh8# 1-0

[Event "NK B Jeugd"]
[Site "Chess.com"]
[Date "2020.05.01"]
[Round "2"]
[White "Li-Behn, Tobias"]
[Black "Van Foreest, Machteld"]
[Result "0-1"]
[WhiteElo "1742"]
[BlackElo "2087"]
[PlyCount "72"]
[EventDate "2020.05.??"]

1. c4 e5 2. Nc3 Nf6 3. g3 d5 4. cxd5 Nxd5 5. Bg2 Nb6 6. e3 Be7 7. Nge2 O-O 8.
O-O Nc6 9. a3 a5 10. d4 exd4 11. Nxd4 Nxd4 12. Qxd4 Qxd4 13. exd4 Rd8 14. Bf4
Bd6 15. Bxd6 Rxd6 16. d5 Bg4 17. h3 Bh5 18. g4 Bg6 19. Rac1 Rd7 20. Rfe1 Bd3
21. b3 Kf8 22. Re3 Ba6 23. b4 axb4 24. axb4 Bc4 25. Rd1 Rad8 26. Rde1 g6 27. f4
Nxd5 28. Nxd5 Bxd5 29. Bxd5 Rxd5 30. Kg2 Rd2+ 31. Kg3 Rb2 32. Re7 Rd3+ 33. Kh4
Rbb3 34. Re8+ Kg7 35. Kg5 h6+ 36. Kh4 Rxh3# 0-1

[Event "NK B Jeugd"]
[Site "Chess.com"]
[Date "2020.05.01"]
[Round "2"]
[White "Nitrauw, Peter"]
[Black "Van Foreest, Nanne"]
[Result "0-1"]
[WhiteElo "1643"]
[BlackElo "1884"]
[PlyCount "46"]
[EventDate "2020.05.??"]

1. e4 e5 2. Nf3 Nc6 3. Bc4 Nf6 4. Ng5 d5 5. exd5 Na5 6. Bb5+ c6 7. dxc6 bxc6 8.
Be2 h6 9. Nf3 e4 10. Ne5 Qd4 11. Nxf7 Kxf7 12. Bh5+ g6 13. Be2 Bd6 14. O-O Qe5
15. g3 Bh3 16. Re1 Kg7 17. Bf3 Qf5 18. Bg2 Bxg2 19. Kxg2 Ng4 20. Qe2 Rae8 21.
Nc3 Qf3+ 22. Kg1 Rhf8 23. Nxe4 Rxe4 0-1

[Event "NK B Jeugd"]
[Site "Chess.com"]
[Date "2020.05.01"]
[Round "2"]
[White "Qi, Zimo"]
[Black "Verheul, Job"]
[Result "1-0"]
[WhiteElo "1746"]
[BlackElo "1949"]
[PlyCount "163"]
[EventDate "2020.05.??"]

1. d4 d5 2. c4 c6 3. Nf3 Nf6 4. Nc3 dxc4 5. a4 Bf5 6. e3 e6 7. Bxc4 Bb4 8. O-O
O-O 9. Bd3 Bg4 10. h3 Bh5 11. Be2 Nbd7 12. Nd2 Bxe2 13. Qxe2 e5 14. dxe5 Nxe5
15. Rd1 Bxc3 16. bxc3 Qd3 17. Qxd3 Nxd3 18. Nc4 Rfd8 19. Ba3 c5 20. Rd2 Ne4 21.
Rc2 Rd7 22. Nb2 Nxb2 23. Rxb2 Nxc3 24. Bxc5 b6 25. Bd4 Ne4 26. Rc1 Rad8 27.
Rbc2 h6 28. Rc8 Kh7 29. Rxd8 Rxd8 30. Rc7 Kg6 31. Rxa7 Rb8 32. Ra6 Kh7 33. Rxb6
Ra8 34. Rb4 Nd6 35. Bc5 Nf5 36. Bb6 g5 37. a5 Kg6 38. Bc7 Ne7 39. Rb6+ f6 40.
Rb3 Nd5 41. Bb6 h5 42. Kf1 g4 43. hxg4 hxg4 44. f3 gxf3 45. gxf3 f5 46. Kf2 Kf6
47. Rb5 Ke6 48. e4 fxe4 49. fxe4 Nc3 50. Rb4 Na2 51. Rb3 Nc1 52. Rc3 Na2 53.
Rc4 Ke5 54. Ke3 Kd6 55. Kd4 Ke6 56. Rc6+ Kd7 57. Rc4 Ke6 58. e5 Kd7 59. Kd5 Ke7
60. e6 Rh8 61. Rc7+ Kf6 62. Rf7+ Kg6 63. Kd6 Nc3 64. Rf3 Ne4+ 65. Kd7 Nf6+ 66.
Kd6 Ne4+ 67. Ke5 Ng5 68. Rf6+ Kg7 69. Be3 Rh5 70. Bxg5 Rxg5+ 71. Rf5 Rg1 72.
Kd6 Rd1+ 73. Ke7 Rb1 74. Rd5 Kg6 75. Ke8 Kf6 76. e7 Re1 77. Rd7 Ra1 78. Kd8
Rxa5 79. Rd6+ Kg7 80. e8=Q Ra8+ 81. Ke7 Ra7+ 82. Ke6 1-0

[Event "NK B Jeugd"]
[Site "Chess.com"]
[Date "2020.05.01"]
[Round "2"]
[White "Shakhverdian, William"]
[Black "Maters, Arthur"]
[Result "1/2-1/2"]
[WhiteElo "2102"]
[BlackElo "1953"]
[PlyCount "70"]
[EventDate "2020.05.??"]

1. d4 Nf6 2. c4 g6 3. Nf3 d5 4. cxd5 Nxd5 5. e4 Nb6 6. Nc3 Bg7 7. Be3 O-O 8. h3
Na6 9. Be2 c6 10. O-O Nc7 11. Qd2 Be6 12. b3 a5 13. d5 cxd5 14. Bxb6 Qd6 15.
Bxc7 Qxc7 16. Nxd5 Bxd5 17. Rac1 Bc6 18. Qe3 Rac8 19. Nd4 Qb6 20. Nxc6 Rxc6 21.
Qxb6 Rxb6 22. Rfd1 Ra8 23. Rd7 Bf8 24. Rcc7 a4 25. Rxb7 Rxb7 26. Rxb7 axb3 27.
axb3 Ra1+ 28. Kh2 Ra2 29. Bc4 Rxf2 30. Kg3 Rb2 31. Rd7 h5 32. Kf3 Kg7 33. e5 g5
34. e6 fxe6 35. Bxe6 Kf6 1/2-1/2

[Event "NK B Jeugd"]
[Site "Chess.com"]
[Date "2020.05.01"]
[Round "2"]
[White "Smeets, Kobe"]
[Black "Andringa, Ivo"]
[Result "0-1"]
[WhiteElo "1992"]
[BlackElo "1716"]
[PlyCount "140"]
[EventDate "2020.05.??"]

1. e4 e5 2. Nf3 Nc6 3. Bb5 a6 4. Ba4 Nf6 5. O-O b5 6. Bb3 Bb7 7. c3 Nxe4 8. Re1
Nf6 9. Nxe5 Nxe5 10. Rxe5+ Be7 11. d4 O-O 12. Bc2 Bd6 13. Re1 Re8 14. Be3 Re6
15. Nd2 Qe7 16. Nf1 Re8 17. Qd2 Nd5 18. Qd3 Rg6 19. Ng3 Nxe3 20. Rxe3 Qd8 21.
Rae1 Ree6 22. Rxe6 dxe6 23. Qe3 Rf6 24. Ne4 Bxe4 25. Qxe4 g6 26. b3 Rf4 27. Qe3
Qf6 28. h3 b4 29. g3 Rf3 30. Qe4 Rxf2 31. Qd3 bxc3 32. Qxc3 Bb4 33. Qxb4 Rxc2
34. Rf1 Qg5 35. Qe1 Rxa2 36. h4 Qd2 37. Qxd2 Rxd2 38. Rc1 Rxd4 39. Rxc7 Rd3 40.
Ra7 Rxg3+ 41. Kh2 Rxb3 42. Rxa6 Kg7 43. Ra4 e5 44. Rc4 Re3 45. Kg2 f6 46. Kf2
Rh3 47. Kg2 Rd3 48. Kf2 Rd4 49. Rc7+ Kh6 50. Kg3 Rd3+ 51. Kg2 f5 52. Kh2 e4 53.
Re7 Rf3 54. Kg2 Rf4 55. Kg3 Rg4+ 56. Kh3 g5 57. Re6+ Kh5 58. hxg5 Kxg5 59. Re7
h5 60. Rg7+ Kf6 61. Rh7 Kg6 62. Rh8 e3 63. Re8 f4 64. Rg8+ Kf5 65. Rf8+ Ke4 66.
Re8+ Kf3 67. Re7 e2 68. Re8 Kf2 69. Re3 fxe3 70. Kh2 Rh4# 0-1

[Event "NK B Jeugd"]
[Site "Chess.com"]
[Date "2020.05.01"]
[Round "2"]
[White "Van Kuijk, Vadim"]
[Black "Van Wijngaarden, Frank"]
[Result "0-1"]
[WhiteElo "1783"]
[BlackElo "1959"]
[PlyCount "102"]
[EventDate "2020.05.??"]

1. d4 Nf6 2. c4 c5 3. Nf3 e6 4. Nc3 cxd4 5. Nxd4 Nc6 6. g3 d5 7. Bg2 Bc5 8. Be3
Qb6 9. Na4 Bb4+ 10. Nc3 Bc5 11. Na4 Qa5+ 12. Bd2 Bb4 13. Nxc6 bxc6 14. Nc3 Qb6
15. O-O O-O 16. a3 Bd6 17. cxd5 exd5 18. Qc2 Rb8 19. Rab1 Re8 20. Rfe1 Bg4 21.
e4 d4 22. Ne2 c5 23. Nf4 Nh5 24. Nxh5 Bxh5 25. f4 f6 26. Bf1 Bf7 27. Bc4 Bxc4
28. Qxc4+ Kh8 29. Re2 Qb3 30. Qxb3 Rxb3 31. Ba5 Kg8 32. Rbe1 c4 33. Rc2 Rb5 34.
Bd2 Rc8 35. Rec1 d3 36. Rxc4 Rxc4 37. Rxc4 Rxb2 38. Be3 d2 39. Rc8+ Kf7 40.
Bxd2 Rxd2 41. Ra8 Kg6 42. Rc8 Bxa3 43. Rc7 a5 44. g4 a4 45. f5+ Kh6 46. h4 Bd6
47. g5+ Kh5 48. Rxg7 Kg4 49. gxf6+ Kf3 50. Rg2 Rxg2+ 51. Kf1 a3 0-1

[Event "NK B Jeugd"]
[Site "Chess.com"]
[Date "2020.05.01"]
[Round "2"]
[White "Van der Hagen, Loek"]
[Black "Labruyère, Roger"]
[Result "1-0"]
[WhiteElo "2202"]
[BlackElo "1913"]
[PlyCount "71"]
[EventDate "2020.05.??"]

1. e4 c5 2. Nf3 d6 3. d4 cxd4 4. Nxd4 Nf6 5. Nc3 a6 6. Bg5 e6 7. f4 h6 8. Bh4
Qb6 9. a3 Be7 10. Bf2 Qc7 11. Qf3 e5 12. Nf5 Bxf5 13. exf5 Nbd7 14. O-O-O Rc8
15. Kb1 O-O 16. g4 exf4 17. Qxf4 Ne5 18. Rg1 Nh7 19. h4 f6 20. Be2 Qa5 21. Nd5
Bd8 22. Qe4 Rf7 23. Nf4 Qc7 24. Ne6 Qe7 25. Rg3 Nf8 26. Nf4 Nc4 27. Qxe7 Rxe7
28. Bf3 b5 29. Bd5+ Kh7 30. g5 Nb6 31. gxf6 gxf6 32. Bxb6 Bxb6 33. Bg8+ Kh8 34.
Be6 Bf2 35. Rg2 Bc5 36. Bxc8 1-0

[Event "NK B Jeugd"]
[Site "Chess.com"]
[Date "2020.05.01"]
[Round "2"]
[White "Wieggers, Wouter"]
[Black "Pham, Khoi"]
[Result "0-1"]
[WhiteElo "1583"]
[BlackElo "1826"]
[PlyCount "44"]
[EventDate "2020.05.??"]

1. e4 c5 2. Nf3 d6 3. d4 cxd4 4. Nxd4 Nf6 5. Nc3 a6 6. Bg5 e6 7. Be2 Nbd7 8.
Qd2 Qc7 9. f3 b5 10. g4 Bb7 11. h4 b4 12. Nd1 d5 13. Nf2 Be7 14. Bxf6 Bxf6 15.
g5 Be5 16. Rc1 Bf4 17. Qxb4 Bxc1 18. exd5 Bxd5 19. Ne4 Bf4 20. Rg1 Bxe4 21.
fxe4 Qc5 22. Qb7 Rb8 0-1

[Event "NK B Jeugd"]
[Site "Chess.com"]
[Date "2020.05.01"]
[Round "2"]
[White "Wierenga, Jael"]
[Black "Van Dael, Siem"]
[Result "0-1"]
[WhiteElo "1938"]
[BlackElo "2254"]
[PlyCount "52"]
[EventDate "2020.05.??"]

1. d4 Nf6 2. c4 g6 3. Nc3 Bg7 4. e4 d6 5. f3 O-O 6. Be3 c5 7. d5 e6 8. Bd3 exd5
9. cxd5 a6 10. a4 Nbd7 11. Nge2 h5 12. O-O Ne5 13. Bc2 h4 14. Qe1 h3 15. g3 Rb8
16. Nf4 b5 17. axb5 axb5 18. Nd3 Nc4 19. Bg5 b4 20. Na4 b3 21. Bd1 Re8 22. f4
Qc7 23. Qc3 Ne3 24. Re1 Nxe4 25. Qc1 Bd4 26. Rxe3 Nxg5 0-1

[Event "NK B Jeugd"]
[Site "Chess.com"]
[Date "2020.05.01"]
[Round "3"]
[White "Achuthan, Dylan"]
[Black "Niemeijer, Léon"]
[Result "1-0"]
[WhiteElo "1949"]
[BlackElo "1571"]
[PlyCount "73"]
[EventDate "2020.05.??"]

1. e4 e6 2. d4 d5 3. Nc3 Nf6 4. Bg5 Be7 5. e5 Nfd7 6. h4 h6 7. Bxe7 Qxe7 8. f4
c5 9. Nb5 O-O 10. Nc7 Nc6 11. Nxa8 cxd4 12. Nc7 a6 13. Nxd5 exd5 14. Qd2 Nc5
15. Bd3 Ne4 16. Bxe4 dxe4 17. O-O-O b5 18. Ne2 e3 19. Qd3 Nb4 20. Qxd4 Nxa2+
21. Kb1 Nb4 22. Qxe3 Bf5 23. Nd4 Bg6 24. f5 Bh7 25. g4 Qc5 26. g5 Bxf5 27. Qc3
Qxc3 28. bxc3 Nd5 29. Nxf5 Nxc3+ 30. Kb2 Nxd1+ 31. Rxd1 hxg5 32. hxg5 Re8 33.
Re1 a5 34. Kb3 f6 35. gxf6 gxf6 36. e6 Kh7 37. e7 1-0

[Event "NK B Jeugd"]
[Site "Chess.com"]
[Date "2020.05.01"]
[Round "3"]
[White "Albers, Sasa"]
[Black "Qi, Zimo"]
[Result "1-0"]
[WhiteElo "2080"]
[BlackElo "1744"]
[PlyCount "97"]
[EventDate "2020.05.??"]

1. e4 c5 2. Nf3 e6 3. c3 Nc6 4. d4 d5 5. e5 Qb6 6. Bd3 Bd7 7. Bc2 cxd4 8. cxd4
Nb4 9. Nc3 Nxc2+ 10. Qxc2 Ne7 11. O-O Nf5 12. Qd3 Bb4 13. Bg5 Bxc3 14. Qxc3 O-O
15. g4 Nh6 16. Bxh6 gxh6 17. Qe3 Kh8 18. Qxh6 Rg8 19. Qf6+ Rg7 20. Ng5 Kg8 21.
Rac1 Qd8 22. h4 Bc6 23. Qh6 Qb6 24. Rc3 Qxd4 25. Rg3 Qxe5 26. f4 Qd4+ 27. Kh2
Qxb2+ 28. Rg2 Qc3 29. f5 exf5 30. gxf5 Qe5+ 31. Kg1 f6 32. Ne6 Rxg2+ 33. Kxg2
d4+ 34. Kh3 Qe3+ 35. Qxe3 dxe3 36. Re1 Bd5 37. Rxe3 Bxa2 38. Kg4 Bxe6 39. fxe6
Re8 40. Kf5 Kg7 41. Rg3+ Kf8 42. Kxf6 a5 43. Rg7 b5 44. Rxh7 Kg8 45. Rg7+ Kf8
46. e7+ Rxe7 47. Rxe7 b4 48. Ra7 b3 49. Ra8# 1-0

[Event "NK B Jeugd"]
[Site "Chess.com"]
[Date "2020.05.01"]
[Round "3"]
[White "Andringa, Ivo"]
[Black "Wierenga, Jael"]
[Result "0-1"]
[WhiteElo "1712"]
[BlackElo "1948"]
[PlyCount "92"]
[EventDate "2020.05.??"]

1. e4 c5 2. Nf3 d6 3. c3 Nc6 4. d4 cxd4 5. cxd4 Nf6 6. Nc3 g6 7. Bb5 Bg7 8. O-O
O-O 9. Bg5 a6 10. Be2 Bd7 11. e5 dxe5 12. dxe5 Ng4 13. Qb3 b5 14. Rad1 Ngxe5
15. Nxe5 Nxe5 16. Nd5 Be6 17. Bxe7 Bxd5 18. Bxd8 Bxb3 19. axb3 Raxd8 20. b4 Nc4
21. b3 Nd2 22. Rfe1 Nxb3 23. Rb1 Nd2 24. Rbd1 Bc3 25. Bf1 Bxb4 26. Ra1 Nb3 27.
Rab1 Bxe1 28. Rxe1 Nd2 29. Be2 Rfe8 30. f3 Rd3 31. Kf2 Rde3 32. h4 b4 33. g4 b3
34. h5 b2 35. h6 Rxe2+ 36. Rxe2 Rxe2+ 37. Kxe2 Nxf3 38. Kxf3 b1=Q 39. Kg3 Qg1+
40. Kh4 a5 41. Kg5 a4 42. Kh4 a3 43. Kg5 a2 44. Kh4 a1=Q 45. Kg5 Qe5+ 46. Kh4
Qgh2# 0-1

[Event "NK B Jeugd"]
[Site "Chess.com"]
[Date "2020.05.01"]
[Round "3"]
[White "Cchung, Nyuk Lyn"]
[Black "Van Kuijk, Vadim"]
[Result "0-1"]
[WhiteElo "2025"]
[BlackElo "1796"]
[PlyCount "70"]
[EventDate "2020.05.??"]

1. e4 c5 2. Nf3 Nc6 3. d4 cxd4 4. Nxd4 Nf6 5. Nc3 e5 6. Ndb5 d6 7. Bg5 a6 8.
Bxf6 gxf6 9. Na3 b5 10. Nd5 f5 11. Bd3 Be6 12. Qh5 Bg7 13. O-O O-O 14. exf5
Bxd5 15. f6 h6 16. fxg7 Kxg7 17. Qf5 Qg5 18. Qxg5+ hxg5 19. c4 bxc4 20. Bxc4
Bxc4 21. Nxc4 d5 22. Ne3 d4 23. Nc4 Rad8 24. Rfe1 Rfe8 25. Rad1 e4 26. Re2 Nb4
27. Rxe4 Rxe4 28. a3 Nd3 29. f3 Re1+ 30. Rxe1 Nxe1 31. Kf2 Nc2 32. Ke2 d3+ 33.
Kd2 Nd4 34. Ne5 Nb3+ 35. Kc3 d2 0-1

[Event "NK B Jeugd"]
[Site "Chess.com"]
[Date "2020.05.01"]
[Round "3"]
[White "De Winter, Arthur"]
[Black "Han, Yichen"]
[Result "1-0"]
[WhiteElo "2471"]
[BlackElo "1807"]
[PlyCount "63"]
[EventDate "2020.05.??"]

1. e4 e6 2. d4 d5 3. Nc3 Nf6 4. Bg5 dxe4 5. Nxe4 Be7 6. Bxf6 gxf6 7. Nf3 f5 8.
Ng3 c5 9. Bc4 cxd4 10. Nxd4 Bf6 11. c3 Nc6 12. O-O Nxd4 13. cxd4 Qxd4 14. Bb5+
Kf8 15. Qf3 Qg4 16. Qa3+ Be7 17. Qc3 Rg8 18. Be2 Qg7 19. Qc7 Qg5 20. Bf3 Bd8
21. Qd6+ Qe7 22. Qd4 Bb6 23. Qf4 Qg5 24. Qd6+ Qe7 25. Qf4 Rg6 26. Rac1 Bd7 27.
Bxb7 Rd8 28. Rfe1 Re8 29. Nxf5 Qf6 30. Qd6+ Kg8 31. Qxd7 Rd8 32. Rc8 1-0

[Event "NK B Jeugd"]
[Site "Chess.com"]
[Date "2020.05.01"]
[Round "3"]
[White "Grooten, Tommy"]
[Black "Nitrauw, Peter"]
[Result "1-0"]
[WhiteElo "1831"]
[BlackElo "1639"]
[PlyCount "101"]
[EventDate "2020.05.??"]

1. e4 c5 2. Nf3 Nc6 3. d4 cxd4 4. Nxd4 Nf6 5. Nc3 e5 6. Nb3 Bb4 7. Bd3 d5 8.
exd5 Nxd5 9. Bd2 Nxc3 10. bxc3 Bd6 11. O-O O-O 12. Qh5 f5 13. Bc4+ Kh8 14. Bf7
Qf6 15. Bd5 f4 16. Be4 Bf5 17. Bd3 e4 18. Bc4 f3 19. Bg5 Qg6 20. Qxg6 Bxg6 21.
Nd4 Ne5 22. Bd5 h6 23. Be3 Rab8 24. Rab1 Ng4 25. h3 Nxe3 26. fxe3 fxg2 27. Kxg2
b6 28. Nb5 Bc5 29. Nd4 Bxd4 30. cxd4 Rbc8 31. c4 Kh7 32. Rxf8 Rxf8 33. Rf1 Rc8
34. Kg3 a6 35. Rb1 Rb8 36. a4 Rf8 37. Kg2 Rf3 38. Rb3 Rf6 39. a5 bxa5 40. Ra3
Rf3 41. h4 Kh8 42. c5 Bf5 43. c6 Bh3+ 44. Kh2 Bc8 45. Bxe4 Rf2+ 46. Kg3 Re2 47.
Kf3 Rh2 48. Rb3 Rxh4 49. Rb8 Rh3+ 50. Kg2 Rxe3 51. Rxc8# 1-0

[Event "NK B Jeugd"]
[Site "Chess.com"]
[Date "2020.05.01"]
[Round "3"]
[White "Li-Behn, Tobias"]
[Black "Smeets, Kobe"]
[Result "1-0"]
[WhiteElo "1755"]
[BlackElo "1979"]
[PlyCount "59"]
[EventDate "2020.05.??"]

1. c4 Nf6 2. Nc3 g6 3. g3 Bg7 4. Bg2 d6 5. e4 O-O 6. Nge2 e5 7. O-O Nc6 8. d3
Ne8 9. a3 a5 10. f4 f5 11. Qc2 Be6 12. Rb1 h5 13. Nd5 h4 14. Be3 fxe4 15. dxe4
exf4 16. Nexf4 Bxd5 17. exd5 Ne5 18. Ne6 Rxf1+ 19. Rxf1 Qd7 20. Be4 hxg3 21.
hxg3 Nf6 22. Bxg6 Neg4 23. Bg5 c6 24. Bf5 cxd5 25. Nxg7 Qxg7 26. Be6+ Kf8 27.
Bxf6 Nxf6 28. Qc3 Ke7 29. cxd5 Rh8 30. Qc7+ 1-0

[Event "NK B Jeugd"]
[Site "Chess.com"]
[Date "2020.05.01"]
[Round "3"]
[White "Maters, Arthur"]
[Black "Torensma, Christian"]
[Result "1-0"]
[WhiteElo "1956"]
[BlackElo "1674"]
[PlyCount "71"]
[EventDate "2020.05.??"]

1. e4 e6 2. d4 d5 3. Nd2 Be7 4. c3 c5 5. exd5 Qxd5 6. Ngf3 cxd4 7. Bc4 Qh5 8.
cxd4 Nc6 9. O-O Nf6 10. Re1 b5 11. Be2 Qd5 12. Nf1 a6 13. Ne3 Qd8 14. a4 bxa4
15. Qxa4 Bd7 16. Qc4 Na5 17. Qc3 Nc6 18. Qd3 Nb4 19. Qb1 a5 20. Ne5 O-O 21. Bf3
Rc8 22. Nxd7 Qxd7 23. Rxa5 Qxd4 24. g3 Qb6 25. Ra4 Rfd8 26. Kg2 Qb5 27. b3 Nd3
28. Rd1 Rxc1 29. Rxc1 Nxc1 30. Qxc1 Qxb3 31. Ra7 Bf8 32. Ng4 Nxg4 33. Qc7 Ne5
34. Qxe5 Qb8 35. Qa5 Re8 36. Ra8 1-0

[Event "NK B Jeugd"]
[Site "Chess.com"]
[Date "2020.05.01"]
[Round "3"]
[White "Pham, Khoi"]
[Black "Shakhverdian, William"]
[Result "1-0"]
[WhiteElo "1859"]
[BlackElo "2088"]
[PlyCount "37"]
[EventDate "2020.05.??"]

1. d4 d5 2. c4 c6 3. Nf3 Nf6 4. Nc3 Nbd7 5. g3 e6 6. Bg2 dxc4 7. O-O Nb6 8. a4
a5 9. e4 Bb4 10. e5 Nfd5 11. Ne4 Be7 12. Bg5 f6 13. exf6 Nxf6 14. Ne5 Nfd5 15.
Qh5+ g6 16. Nxg6 hxg6 17. Qxh8+ Kd7 18. Nc5+ Kc7 19. Qe5+ 1-0

[Event "NK B Jeugd"]
[Site "Chess.com"]
[Date "2020.05.01"]
[Round "3"]
[White "Slagboom, Leandro"]
[Black "Rutten, Alexander"]
[Result "0-1"]
[WhiteElo "1907"]
[BlackElo "2151"]
[PlyCount "100"]
[EventDate "2020.05.??"]

1. Nf3 c5 2. c4 Nc6 3. b3 Nf6 4. Bb2 g6 5. g3 Bg7 6. Bg2 O-O 7. O-O d5 8. cxd5
Nxd5 9. Bxg7 Kxg7 10. d4 cxd4 11. Nxd4 Nxd4 12. Qxd4+ Nf6 13. Qe5 Qb6 14. Nc3
Bg4 15. Ne4 Rfe8 16. Rfe1 Rac8 17. h3 Bf5 18. Nxf6 exf6 19. Qd5 Rc7 20. Rad1
Rd7 21. Qc4 Rc8 22. Qxc8 Rxd1 23. Qc3 Rxe1+ 24. Qxe1 Qc7 25. Qd2 b6 26. g4 Be6
27. Be4 Qe5 28. Qc2 h5 29. gxh5 Qxh5 30. Bf3 Qxh3 31. Qc7 Qh4 32. Qxa7 Qg5+ 33.
Kh1 Qc5 34. Kg2 g5 35. Qb8 g4 36. Qg3 Qg5 37. Be4 f5 38. Qe5+ Qf6 39. Qxf6+
Kxf6 40. Bc6 Ke5 41. Kg3 f4+ 42. Kh4 f6 43. Bb5 Kd4 44. Bc4 Bxc4 45. bxc4 f5
46. e3+ fxe3 47. fxe3+ Kxc4 48. e4 fxe4 49. Kxg4 Kd3 50. Kf4 e3 0-1

[Event "NK B Jeugd"]
[Site "Chess.com"]
[Date "2020.05.01"]
[Round "3"]
[White "Van Dael, Siem"]
[Black "Huang, Wendy"]
[Result "1/2-1/2"]
[WhiteElo "2246"]
[BlackElo "1930"]
[PlyCount "137"]
[EventDate "2020.05.??"]

1. e4 c5 2. Nf3 Nc6 3. d4 cxd4 4. Nxd4 g6 5. c4 Bg7 6. Be3 Nf6 7. Nc3 Ng4 8.
Qxg4 Nxd4 9. Qd1 Ne6 10. Qd2 O-O 11. Be2 d6 12. O-O a5 13. b3 Nc5 14. f3 Be6
15. Rab1 Qd7 16. Rfd1 Qc6 17. Nb5 Rfc8 18. Nd4 Qd7 19. a3 b6 20. Bf1 h5 21.
Rdc1 a4 22. bxa4 Nxa4 23. Rb4 Nc5 24. Nc2 Rab8 25. Rcb1 Qc7 26. Nd4 Bd7 27. Ne2
Ra8 28. Qa2 Ra6 29. Nf4 e6 30. Qf2 Rxa3 31. Rxb6 Rca8 32. Kh1 Ra2 33. Qh4 Ra1
34. h3 Rxb1 35. Rxb1 Ra3 36. Bf2 Rb3 37. Rxb3 Nxb3 38. Qe7 Nd2 39. Be2 Qc8 40.
Be3 Nb3 41. Qxd6 Bc6 42. Qd3 Na5 43. c5 Nb7 44. Qa3 Bf8 45. Nd3 Bb5 46. Qb4
Bxd3 47. Bxd3 Bxc5 48. Qc3 Qf8 49. Ba6 Bxe3 50. Qxe3 Nc5 51. Be2 Qd6 52. h4 Nd7
53. f4 Qc5 54. Qd2 Nf6 55. Bf3 Qc4 56. e5 Nd5 57. Bxd5 Qxd5 58. Qxd5 exd5 59.
Kg1 Kf8 60. Kf2 Ke7 61. Ke3 Ke6 62. Kd4 Kf5 63. g3 Kg4 64. Kxd5 Kxg3 65. Ke4
Kxh4 66. f5 gxf5+ 67. Kxf5 Kg3 68. Kf6 h4 69. Kxf7 1/2-1/2

[Event "NK B Jeugd"]
[Site "Chess.com"]
[Date "2020.05.01"]
[Round "3"]
[White "Van Dam, Thijs"]
[Black "Labruyère, Roger"]
[Result "0-1"]
[WhiteElo "2112"]
[BlackElo "1925"]
[PlyCount "80"]
[EventDate "2020.05.??"]

1. d4 Nf6 2. c4 e6 3. Nc3 Bb4 4. f3 c5 5. d5 b5 6. e4 d6 7. a3 Bxc3+ 8. bxc3
bxc4 9. Bxc4 O-O 10. Ne2 Qc7 11. O-O exd5 12. Bxd5 Nxd5 13. exd5 Bf5 14. Ng3
Bg6 15. Re1 Nd7 16. Bf4 Rae8 17. Qd2 Nb6 18. Ne4 Bxe4 19. Rxe4 Rxe4 20. fxe4
Re8 21. Re1 Nc4 22. Qa2 Ne5 23. Qe2 c4 24. Bxe5 Rxe5 25. Qf2 f6 26. Qd4 f5 27.
Re3 Qb6 28. Qxb6 axb6 29. Kf2 fxe4 30. g4 Kf7 31. Kg3 g5 32. h4 h6 33. h5 Rxd5
34. Rxe4 Rd3+ 35. Kf2 Rxc3 36. Ke2 d5 37. Re5 Rd3 38. a4 Rd4 39. Kf3 c3 40. Ke3
Re4+ 0-1